000 00241nam a22000977a 4500
082 _a920/TOY
100 _aToye,Hugh
_982306
245 _aSubhash Chandra Bose The Springing Tiger
260 _aMumbai
_bJaico Publication
_c2023
942 _cBK
999 _c66769
_d66769